¿ Hacia una nueva peruanidad ?. Des-encuentros de lo nacional en la esfera transnacional

Uloženo v:
Podrobná bibliografie
Médium: Text
Témata:
Tagy: Přidat tag
Žádné tagy, Buďte první, kdo vytvoří štítek k tomuto záznamu!

MARC

LEADER 00000 a a2200000 04500
001 18277
003
040
245 |a ¿ Hacia una nueva peruanidad ?. Des-encuentros de lo nacional en la esfera transnacional  
650 |a IDENTIDAD CULTURAL  
650 |a PERUANOS  
650 |a MEDIOS DE COMUNICACION DE MASAS  
650 |a EMIGRACION  
773 |g número 96; páginas 77-85  
999 |c 38857  |d 38857